Los ojos de la montaña / Viriato Sención, presentación: Diógenes Céspedes (Registro nro. 1452)

Detalles MARC
000 -LEADER
fixed length control field 00559nam a22002051a 4500
001 - CONTROL NUMBER
control field 1452
003 - CONTROL NUMBER IDENTIFIER
control field OSt
005 - DATE AND TIME OF LATEST TRANSACTION
control field 20260204211735.0
008 - FIXED-LENGTH DATA ELEMENTS--GENERAL INFORMATION
fixed length control field 040119s1997||||dr ||||||b||||||||||spa||
020 ## - NUMERO DE LIBRO INTERNACIONAL NORMALIZADO
International Standard Book Number 8489535455
050 ## - LIBRARY OF CONGRESS CALL NUMBER
Classification number RD 863.49 S55o
082 ## - DEWEY DECIMAL CLASSIFICATION NUMBER
Classification number RD 863.49 S474o
100 ## - ASIENTO PRINCIPAL -- NOMBRE PERSONAL
Personal name Sención, Viriato
245 ## - TÍTULO PROPIAMENTE DICHO: SUBTÍTULO
Title Los ojos de la montaña / Viriato Sención, presentación: Diógenes Céspedes
264 ## - PRODUCTION, PUBLICATION, DISTRIBUTION, MANUFACTURE, AND COPYRIGHT NOTICE
Place of production, publication, distribution, manufacture Santo Domingo : Editora de Colores
300 ## - PHYSICAL DESCRIPTION
Extensión 184 p.
650 ## - ASIENTO SECUNDARIO DE MATERIA -- TERMINO TEMÁTICO
Termino Temático Como Elemento de Entrada 1.Novela Dominicana
700 ## - ASIENTO SECUNDARIO -- NOMBRE PERSONAL
Personal name Céspedes DiógenesÌ
942 ## - ADDED ENTRY ELEMENTS (KOHA)
Source of classification or shelving scheme Dewey Decimal Classification
Koha item type Libros
Existencias
Withdrawn status Lost status Source of classification or shelving scheme Damaged status Not for loan Current library Date acquired Total Checkouts Full call number Barcode Date last seen Price effective from Koha item type
    Dewey Decimal Classification     Biblioteca UTECO 09/09/2019   RD 863.49 S55O 005222 09/09/2019 09/09/2019 Libros
    Dewey Decimal Classification     Biblioteca UTECO 09/09/2019   RD 863.49 S55O 005223 09/09/2019 09/09/2019 Libros
    Dewey Decimal Classification     Biblioteca UTECO 09/09/2019   RD 863.49 S55O 009910 09/09/2019 09/09/2019 Libros
© 2021 Derechos Reservados UTECO - Teléfono: +1 809-585-2291 - Correo electrónico: biblioteca@uteco.edu.do​  
Código postal 43000 ​​
Dirección: Avenida Universitaria No. 100, 
Cotuí, Provincia Sánchez Ramírez, República Dominicana - RNC: 404-00059-6